| 000 | 00567 a2200193 4500 | ||
|---|---|---|---|
| 020 | _a0131828274 | ||
| 040 |
_aDLC _bDLC |
||
| 082 | 0 | 4 | _a005.43 |
| 100 | 1 | _aDeitel, Harvey M., | |
| 245 | 1 | 0 |
_aOperating systems _cHarvey M. Deitel, Paul J. Deitel, David R. Choffnes |
| 250 | _a3rd ed. | ||
| 260 |
_aNew Delhi: _bPearson Education, _cc2004. |
||
| 300 |
_alix, 1209 p. : _bill. ; _c24 cm. |
||
| 650 | 0 | _aOperating systems (Computers) | |
| 700 | 1 | _aDeitel, Paul J. | |
| 700 | 1 | _aChoffnes, David R. | |
| 700 | 1 |
_aDeitel, Harvey M., _d1945- |
|
| 942 |
_cBK _k005.43 DEI _2ddc |
||
| 999 |
_c9738 _d9738 |
||